Տրդատ եւ Գրիգոր Լուսաւորիչ : (Record no. 209949)
[ view plain ]
| 000 -LEADER | |
|---|---|
| fixed length control field | 01515nam a2200325 a 4500 |
| 001 - CONTROL NUMBER | |
| control field | 000548572 |
| 003 - CONTROL NUMBER IDENTIFIER | |
| control field | AM-YeHGA |
| 005 - DATE AND TIME OF LATEST TRANSACTION | |
| control field | 20250618073117.0 |
| 008 - FIXED-LENGTH DATA ELEMENTS--GENERAL INFORMATION | |
| fixed length control field | 090525s2000 ai a|||fr||||||0||||arm|| |
| 040 ## - CATALOGING SOURCE | |
| Original cataloging agency | AM-YeHGA |
| 041 0# - LANGUAGE CODE | |
| Language code of text/sound track or separate title | arm |
| 080 ## - UNIVERSAL DECIMAL CLASSIFICATION NUMBER | |
| Universal Decimal Classification number | 9(47.925)21 (NLA) |
| 090 ## - LOCALLY ASSIGNED LC-TYPE CALL NUMBER (OCLC); LOCAL CALL NUMBER (RLIN) | |
| -- | 211456 |
| 100 1# - MAIN ENTRY--PERSONAL NAME | |
| Personal name | Առաքելեան, Մ. |
| 245 10 - TITLE STATEMENT | |
| Title | Տրդատ եւ Գրիգոր Լուսաւորիչ : |
| Remainder of title | [Պատմական ակնարկ] / |
| Statement of responsibility, etc. | Մ. Առաքելեան; Առաջաբան՝ Դ. Մովսիսյան; ԵՊՀ, Աստվածաբանութեան ֆակուլտետ |
| 250 ## - EDITION STATEMENT | |
| Edition statement | Վերահրատարակություն |
| 260 ## - PUBLICATION, DISTRIBUTION, ETC. | |
| Place of publication, distribution, etc. | Երևան : |
| Name of publisher, distributor, etc. | Ա.հ., |
| Date of publication, distribution, etc. | 2000. |
| 300 ## - PHYSICAL DESCRIPTION | |
| Extent | 43 էջ : |
| Other physical details | գունավոր նկարներ ; |
| Dimensions | 20 սմ. |
| 490 1# - SERIES STATEMENT | |
| Series statement | Դրւագ հայոց պատմութիւնից ; |
| Volume/sequential designation | 3. |
| 650 14 - SUBJECT ADDED ENTRY--TOPICAL TERM | |
| Topical term or geographic name entry element | Քրիստոնեություն |
| Geographic subdivision | Հայաստան |
| 651 #4 - SUBJECT ADDED ENTRY--GEOGRAPHIC NAME | |
| Geographic name | Հայաստան |
| General subdivision | Պատմություն |
| Chronological subdivision | Արշակունյաց թագավորություն, 66-428 թթ. |
| 9 (RLIN) | 5971 |
| 653 0# - INDEX TERM--UNCONTROLLED | |
| Uncontrolled term | Հայ Առաքելական եկեղեցի |
| 653 0# - INDEX TERM--UNCONTROLLED | |
| Uncontrolled term | Հայ եկեղեցու գործիչներ |
| 653 0# - INDEX TERM--UNCONTROLLED | |
| Uncontrolled term | Քրիստոնեության ընդունում |
| 653 0# - INDEX TERM--UNCONTROLLED | |
| Uncontrolled term | Հայոց պատմություն |
| 700 1# - ADDED ENTRY--PERSONAL NAME | |
| Personal name | Մովսիսյան, Դ. |
| Relator term | առաջաբանի հեղինակ |
| Relationship | aui |
| 710 2# - ADDED ENTRY--CORPORATE NAME | |
| Corporate name or jurisdiction name as entry element | Երևանի պետական համալսարան : |
| Subordinate unit | Աստվածաբանության ֆակուլտետ |
| 830 #0 - SERIES ADDED ENTRY--UNIFORM TITLE | |
| Uniform title | Դրւագ հայոց պատմութիւնից ; 3. |
| 942 ## - ADDED ENTRY ELEMENTS (KOHA) | |
| Source of classification or shelving scheme | Universal Decimal Classification |
| Koha item type | Գրքեր / Books |
| Withdrawn status | Lost status | Damaged status | Not for loan | Collection | Home library | Current library | Date acquired | Total checkouts | Full call number | Barcode | Date last seen | Price effective from | Koha item type | Public note |
|---|---|---|---|---|---|---|---|---|---|---|---|---|---|---|
| General | Fundamental Scientific Library | Fundamental Scientific Library | 28/12/2016 | PII/556998 | FL0128894 | 28/12/2016 | 28/12/2016 | Գրքեր / Books | 30 Days Loan | |||||
| General | Fundamental Scientific Library | Fundamental Scientific Library | 28/12/2016 | РII/597191 | 120597191 | 28/12/2016 | 28/12/2016 | Գրքեր / Books | 30 Days Loan |
ՀՀ Գիտությունների ազգային ակադեմիայի հիմնարար գիտական գրադարան = Fundamental Scientific Library of NAS RA
All site content, except where otherwise noted, is licensed under a